| 000 | 00369nam a2200145 i 4500 | ||
|---|---|---|---|
| 001 | bg | ||
| 100 | 1 | _aKARWAT, Czesław | |
| 245 | 0 |
_aLaboratorium technik wysokich napięć / _cCzesław Karwat, Halina Wójcik. |
|
| 260 |
_aLublin, _c1976. |
||
| 700 | 1 | _aWÓJCIK, Halina | |
| 040 | _cBPK | ||
| 041 | _apol | ||
| 942 | _cKS | ||
| 008 | s pl f |000 0 pol | ||
| 999 |
_c27734 _d27734 |
||
| 856 |
_uhttp://koha.tu.koszalin.pl/cgi-bin/koha/opac-detail.pl?biblionumber=27734 _yKatalog online BPK |
||